000 00538nam a2200145Ia 4500
008 151213s9999 xx 000 0 und d
100 _aশাহেদ রহমান।
245 _aসূর্যমুখী রেীদ্র জ্বলে ভালোবাসা কথা বলে।
_cশাহেদ রহমান।
260 _aঢাকা।
_bদ্রাবিড়।
_c1990
300 _a8699 p.
650 _aBangla
650 _aকবিতা
700 _aশাহেদ রহমান।
999 _c4485
_d4485